Zmeny v účtovnej legislatíve v Slovenskej republike po prechode na menu euro

Najdôležitejšie zmeny právnych predpisov v oblasti účtovníctva, ktoré nastali od 1. januára 2009 v súvislosti s prechodom na menu euro.

Enregistré dans:
Détails bibliographiques
Auteur principal: Blahušiaková, Miriama, 1980-
Format: Chapitre de livre
Langue:slovaque
Sujets:
Tags: Ajouter un tag
Pas de tags, Soyez le premier à ajouter un tag!

MARC

LEADER 00000naa$a2200000$$$4500
001 0109151
005 20240502083254.3
041 0 |a slo 
044 |a CZ 
245 1 0 |a Zmeny v účtovnej legislatíve v Slovenskej republike po prechode na menu euro  |c Miriama Blahušiaková 
520 |a Najdôležitejšie zmeny právnych predpisov v oblasti účtovníctva, ktoré nastali od 1. januára 2009 v súvislosti s prechodom na menu euro. 
610 2 0 |a euro 
610 2 0 |a eurozóna 
610 2 0 |a legislatíva 
610 2 0 |a účtovníctvo 
610 2 0 |a Slovensko 
100 1 |a Blahušiaková, Miriama, 1980-